书目信息 |
| 题名: |
青年必知社交礼仪手册
|
|
| 作者: | 孙建庆 , 叶古 编著 | |
| 分册: | ||
| 出版信息: | 北京 中国国际广播出版社 2000 |
|
| 页数: | 526页 | |
| 开本: | 20cm | |
| 丛书名: | ||
| 单 册: | ||
| 中图分类: | C912.1 , K-62 | |
| 科图分类: | ||
| 主题词: | 心理交往--礼仪--青年读物 , 历史 , 地理 | |
| 电子资源: | ||
| ISBN: | 7-5078-1787-3 | |
| 000 | 00799nam0 2200265 450 | |
| 001 | 1535053442 | |
| 005 | 20150118094450.28 | |
| 010 | @a7-5078-1787-3@dCNY25.00 | |
| 100 | @a20021005d2000 em y0chiy0110 ea | |
| 101 | 0 | @achi |
| 102 | @aCN@b110000 | |
| 105 | @ay z 000yy | |
| 200 | 1 | @a青年必知社交礼仪手册@9qing nian bi zhi she jiao li yi shou ce@f孙建庆,叶古编著 |
| 210 | @a北京@c中国国际广播出版社@d2000 | |
| 215 | @a526页@d20cm | |
| 330 | @a包括社交心理纵横、社交礼仪探究、社交口才操练、社交实战演习、社交文书和应用5大部分。 | |
| 606 | 0 | @a心理交往@x礼仪@x青年读物 |
| 606 | 0 | @a历史 |
| 606 | 0 | @a地理 |
| 690 | @aC912.1@v5 | |
| 690 | @aK-62@v4 | |
| 701 | 0 | @a孙建庆@9sun jian qing@4编著 |
| 701 | 0 | @a叶古@9ye gu@4编著 |
| 801 | 0 | @aCN@bTSSF@c20150118 |
| 905 | @aZUCC@dK-62@eJY25 | |
| 青年必知社交礼仪手册/孙建庆,叶古编著.-北京:中国国际广播出版社,2000 |
| 526页;20cm |
| ISBN 7-5078-1787-3:CNY25.00 |
| 包括社交心理纵横、社交礼仪探究、社交口才操练、社交实战演习、社交文书和应用5大部分。 |
| ● |
| 相关链接 |
|
|
|
|
正题名:青年必知社交礼仪手册
索取号:K-62/JY25
 
预约/预借
| 序号 | 登录号 | 条形码 | 馆藏地/架位号 | 状态 | 备注 |
| 1 | 7852585 | 278525856 | 学院路分馆/ [索取号:K-62/JY25] | 在馆 | |
| 2 | 7852586 | 278525865 | 学院路分馆/ [索取号:K-62/JY25] | 在馆 |